| 000 | 005150000a22001810004500 | ||
|---|---|---|---|
| 090 |
_aAR _b02698 |
||
| 245 | 1 | 0 | _aRiodoseae, (<Rubiaceae, Gardenieae>), a new genus from the Brazilian Atlantic forest |
| 650 | 1 | 4 |
_aBotánica _9361 |
| 650 | 1 | 4 |
_aBiogeografía _992747 |
| 650 | 1 | 4 |
_aMorfología _992917 |
| 650 | 1 | 4 |
_aEndemismo _948559 |
| 651 | 4 |
_pBrasil _992749 |
|
| 653 | _gRiodocea | ||
| 041 | 0 | _aInglés | |
| 100 | 1 |
_aDelprete, Piero G. _996156 |
|
| 942 | _cARTICULO | ||
| 773 | 1 |
_tBrittonia _3120 _h1 _q15-23 _d1999 _g51 |
|
| 999 |
_c11760 _d11760 |
||